[Event "Quebec-ch Senior"]
[Site "Montreal"]
[Date "2016.04.22"]
[Round "1.3"]
[White "Abreu Cordero, Jose Leonardo"]
[Black "Lemieux, Serge"]
[Result "1/2-1/2"]
[WhiteElo "2055"]
[BlackElo "1595"]
[PlyCount "148"]
[EventDate "2016.04.22"]
[EventType "swiss"]
[EventRounds "5"]
[EventCountry "CAN"]
[SourceTitle "EXT 2022"]
[Source "ChessBase"]
[SourceDate "2021.10.06"]
[SourceVersion "1"]
[SourceVersionDate "2021.10.06"]
[SourceQuality "1"]

1. e4 e6 2. d4 d5 3. e5 c5 4. Nf3 Nc6 5. c3 Bd7 6. Be3 Qb6 7. Qd2 Rc8 8. dxc5 Bxc5 9. Bxc5 Qxc5 10. Na3 Nge7 11. Nc2 Ng6 12. h4 Ncxe5 13. Nxe5 Nxe5 14. Qg5 Ng6 15. h5 Qe7 16. Qe3 Nf8 17. Qxa7 Qd8 18. Qd4 Rg8 19. Bd3 Qf6 20. f4 Bc6 21. Kd2 Qxd4 22. Nxd4 f5 23. Be2 Kf7 24. g4 g6 25. hxg6+ hxg6 26. g5 Rg7 27. b4 Ba4 28. Rh3 Ra8 29. c4 dxc4 30. Bxc4 Bd7 31. Re1 b5 32. Bb3 Rd8 33. Rd3 Ke7 34. Rh1 Rb8 35. Rc3 Rb7 36. Nf3 Rb6 37. Ne5 Rd6+ 38. Ke3 Be8 39. Rc7+ Nd7 40. Nc6+ Kf8 41. Nd4 Re7 42. Nxb5 Rb6 43. a4 Kg7 44. Kd4 Bf7 45. Bc4 e5+ 46. fxe5 Bxc4 47. Kxc4 Nxe5+ 48. Kd5 Rxb5+ 49. axb5 Rxc7 50. Kxe5 Rb7 51. Rh4 Rxb5+ 52. Kd6 f4 53. Rxf4 Rxg5 54. Kc6 Rf5 55. Rg4 Rf6+ 56. Kb7 Rf7+ 57. Ka6 Rf6+ 58. Ka5 Rf5+ 59. b5 Kh6 60. Ka6 Kh5 61. Rg1 g5 62. b6 g4 63. b7 Rf3 64. Rh1+ Kg5 65. Rh8 g3 66. b8Q Ra3+ 67. Kb5 Rb3+ 68. Kc4 Rxb8 69. Rxb8 Kf4 70. Kd3 g2 71. Rg8 Kf3 72. Rf8+ Kg3 73. Rg8+ Kf2 74. Rf8+ Kg3 1/2-1/2

[Event "Laval op"]
[Site "Laval "]
[Date "2014.06.20"]
[Round "1"]
[White "Lemieux, Serge"]
[Black "Zumsteg, Nicolas"]
[Result "0-1"]
[WhiteElo "1635"]
[BlackElo "1793"]
[PlyCount "20"]
[EventDate "2014.06.20"]
[EventType "swiss"]
[EventRounds "5"]
[EventCountry "CAN"]
[SourceTitle "EXT 2015"]
[Source "ChessBase"]
[SourceDate "2014.11.20"]
[SourceVersion "1"]
[SourceVersionDate "2014.11.20"]
[SourceQuality "1"]

1. d4 Nf6 2. e3 e6 3. Bd3 c5 4. c3 Nc6 5. Nd2 d5 6. f4 cxd4 7. exd4 Bd6 8. Ne2 0-0 9. Nf3 Bd7 10. Ng3 Qc7 0-1

[Event "Gatineau Outaouais op U1900"]
[Site "Gatineau"]
[Date "2014.06.??"]
[Round "2"]
[White "Jobin, Gilles G"]
[Black "Lemieux, Serge"]
[Result "1-0"]
[WhiteElo "1703"]
[BlackElo "1556"]
[PlyCount "99"]
[EventDate "2014.06.??"]
[EventType "swiss"]
[EventRounds "5"]
[EventCountry "CAN"]
[SourceTitle "EXT 2022"]
[Source "ChessBase"]
[SourceDate "2021.10.06"]
[SourceVersion "1"]
[SourceVersionDate "2021.10.06"]
[SourceQuality "1"]

1. d4 e6 2. Nf3 Nf6 3. e3 d5 4. Bd3 Nbd7 5. Nbd2 b6 6. 0-0 Bb7 7. Ne5 Bd6 8. f4 0-0 9. Qf3 c5 10. c3 Re8 11. g4 Nf8 12. g5 Ne4 13. Nxe4 dxe4 14. Bxe4 Bxe4 15. Qxe4 Bxe5 16. dxe5 Ng6 17. Qf3 Qe7 18. Bd2 Rad8 19. Rad1 Rd3 20. c4 Red8 21. Qe2 Nxe5 22. fxe5 Qxg5+ 23. Kf2 Qh4+ 24. Kg2 Qxc4 25. Bc3 Qe4+ 26. Kg1 Rxd1 27. Rxd1 Rxd1+ 28. Qxd1 Qxe3+ 29. Kg2 Qe4+ 30. Kg3 Qd5 31. Qa4 g6 32. Qe8+ Kg7 33. Qe7 Qd3+ 34. Kg2 Qe4+ 35. Kg3 Qf5 36. Qxa7 g5 37. Qxb6 g4 38. Qc6 h5 39. Kg2 Qc2+ 40. Kg1 Qd1+ 41. Kf2 Qc2+ 42. Kg3 Qd3+ 43. Kf2 c4 44. a4 h4 45. Qg2 Qc2+ 46. Kg1 Qc1+ 47. Qf1 Qe3+ 48. Qf2 Qe4 49. Qf6+ Kg8 50. Qg5+ 1-0

[Event "Montreal Juste pour jouer"]
[Site "Montreal"]
[Date "2012.10.07"]
[Round "5"]
[White "Lemieux, Serge"]
[Black "Saha, Ananda"]
[Result "0-1"]
[WhiteElo "1589"]
[BlackElo "1559"]
[PlyCount "34"]
[EventDate "2012.10.05"]
[EventType "swiss"]
[EventRounds "7"]
[EventCountry "CAN"]
[SourceTitle "EXT 2022"]
[Source "ChessBase"]
[SourceDate "2021.10.06"]
[SourceVersion "1"]
[SourceVersionDate "2021.10.06"]
[SourceQuality "1"]

1. d4 d5 2. Nf3 Nf6 3. c4 e6 4. Bg5 Be7 5. Nc3 0-0 6. e3 Nbd7 7. Bd3 dxc4 8. Bxc4 b6 9. Rc1 Bb7 10. Bd3 h6 11. Bf4 c5 12. e4 cxd4 13. Nb5 Nxe4 14. Bxe4 Bxe4 15. Bc7 Bb4+ 16. Nd2 Qg5 17. Rg1 Qxb5 0-1

[Event "Montreal Juste pour jouer"]
[Site "Montreal"]
[Date "2012.10.05"]
[Round "1.26"]
[White "Lemieux, Serge"]
[Black "Alan, Luo"]
[Result "1-0"]
[WhiteElo "1589"]
[BlackElo "1182"]
[PlyCount "101"]
[EventDate "2012.10.05"]
[EventType "swiss"]
[EventRounds "7"]
[EventCountry "CAN"]
[SourceTitle "EXT 2022"]
[Source "ChessBase"]
[SourceDate "2021.10.06"]
[SourceVersion "1"]
[SourceVersionDate "2021.10.06"]
[SourceQuality "1"]

1. d4 d5 2. Bg5 Nf6 3. Bxf6 exf6 4. e3 c6 5. Bd3 g6 6. Nf3 Bg7 7. Nbd2 0-0 8. 0-0 Be6 9. Rc1 Nd7 10. c4 Rc8 11. b4 a6 12. c5 f5 13. a4 Nf6 14. b5 axb5 15. axb5 Ne4 16. Qc2 Bd7 17. b6 Ra8 18. Ra1 Qe7 19. Nb3 Rfb8 20. Ra7 Qd8 21. Rfa1 Qf8 22. Qa2 Rxa7 23. bxa7 Ra8 24. Qa5 Bf6 25. Qb6 Bc8 26. Nfd2 Bd8 27. Qb4 Bh4 28. Nxe4 fxe4 29. Be2 Bd8 30. Ra4 Bc7 31. Qc3 Bd7 32. Qa1 b6 33. Ra6 bxc5 34. Nxc5 Qd6 35. g3 Bc8 36. Ra4 Bb6 37. Ba6 Bxa6 38. Rxa6 Bxc5 39. dxc5 Qxc5 40. Qe5 Qb4 41. Qa1 c5 42. Ra5 Qb6 43. Ra6 Qb7 44. Rd6 Qxa7 45. Rd8+ Rxd8 46. Qxa7 c4 47. Qd4 Rc8 48. Qc3 Rb8 49. Qe5 Rb1+ 50. Kg2 Rc1 51. Qb8+ 1-0

[Event "Sainte Adele Superfest"]
[Site "Sainte Adele"]
[Date "2012.08.17"]
[Round "3"]
[White "Chiku Ratte, Olivier Kenta"]
[Black "Lemieux, Serge"]
[Result "1-0"]
[WhiteElo "2174"]
[BlackElo "1597"]
[PlyCount "69"]
[EventDate "2012.08.15"]
[EventType "swiss"]
[EventRounds "5"]
[EventCountry "CAN"]
[SourceTitle "EXT 2022"]
[Source "ChessBase"]
[SourceDate "2021.10.06"]
[SourceVersion "1"]
[SourceVersionDate "2021.10.06"]
[SourceQuality "1"]

1. d4 Nf6 2. c4 g6 3. Nc3 d5 4. cxd5 Nxd5 5. e4 Nxc3 6. bxc3 c5 7. Nf3 Bg7 8. Rb1 0-0 9. Be2 cxd4 10. cxd4 Qa5+ 11. Bd2 Qxa2 12. 0-0 b6 13. Qc1 Qe6 14. Bc4 Qxe4 15. Bxf7+ Rxf7 16. Qxc8+ Rf8 17. Qc4+ e6 18. Rb5 Qc6 19. Qb3 Na6 20. Rc1 Qd7 21. h4 Nc7 22. Rg5 Kh8 23. h5 gxh5 24. Rxh5 Qf7 25. Rxh7+ Kg8 26. Qc2 Rac8 27. Bh6 Nd5 28. Qxc8 Rxc8 29. Rxg7+ Qxg7 30. Rxc8+ Kh7 31. Bxg7 Kxg7 32. Ne5 a5 33. Nd7 a4 34. Rb8 a3 35. Ra8 1-0

[Event "Quebec op U1700"]
[Site "Montreal"]
[Date "2012.07.26"]
[Round "7"]
[White "Kozlov, Guennadi"]
[Black "Lemieux, Serge"]
[Result "1-0"]
[WhiteElo "1665"]
[BlackElo "1533"]
[PlyCount "79"]
[EventDate "2012.07.21"]
[EventType "swiss"]
[EventRounds "9"]
[EventCountry "CAN"]
[SourceTitle "EXT 2022"]
[Source "ChessBase"]
[SourceDate "2021.10.06"]
[SourceVersion "1"]
[SourceVersionDate "2021.10.06"]
[SourceQuality "1"]

1. e4 e6 2. d4 d5 3. Nc3 Nf6 4. e5 Nfd7 5. Qg4 c5 6. Nce2 cxd4 7. Qxd4 Nc6 8. Qd1 Ndxe5 9. Nd4 Bd7 10. Ngf3 Rc8 11. Be2 Nxf3+ 12. Nxf3 Be7 13. 0-0 0-0 14. Bf4 Be8 15. c3 f6 16. Re1 e5 17. Bg3 Bf7 18. h3 Bd6 19. Qd2 Ne7 20. Red1 Nf5 21. Bh2 Qb6 22. g4 Ne7 23. Nh4 e4 24. Bxd6 Qxd6 25. Qe3 Qc5 26. Ng2 Ng6 27. Qg3 Be6 28. h4 Qc7 29. Qe3 f5 30. h5 Ne5 31. Nf4 Qf7 32. g5 Ng4 33. Qg3 Rfd8 34. g6 hxg6 35. hxg6 Qf6 36. Kg2 Nh6 37. Rh1 Kf8 38. Rxh6 gxh6 39. Rh1 Qg5 40. Nxe6+ 1-0

[Event "Quebec op U1700"]
[Site "Montreal"]
[Date "2012.07.25"]
[Round "6"]
[White "Lemieux, Serge"]
[Black "Plante, Marc Eric"]
[Result "1-0"]
[WhiteElo "1533"]
[BlackElo "1668"]
[PlyCount "59"]
[EventDate "2012.07.21"]
[EventType "swiss"]
[EventRounds "9"]
[EventCountry "CAN"]
[SourceTitle "EXT 2022"]
[Source "ChessBase"]
[SourceDate "2021.10.06"]
[SourceVersion "1"]
[SourceVersionDate "2021.10.06"]
[SourceQuality "1"]

1. d4 Nf6 2. Bg5 Ne4 3. Bf4 c5 4. f3 Qa5+ 5. c3 Nf6 6. d5 d6 7. e4 Qb6 8. Qc1 g6 9. Nd2 Bg7 10. Nc4 Qc7 11. a4 0-0 12. Bh6 Nbd7 13. Ne2 Nb6 14. Ng3 e6 15. h4 exd5 16. Bxg7 Kxg7 17. h5 Nxc4 18. Bxc4 dxc4 19. hxg6 fxg6 20. Qh6+ Kg8 21. 0-0-0 d5 22. Qg5 dxe4 23. Rh6 Be6 24. Rdh1 Qf7 25. fxe4 Rad8 26. e5 Ng4 27. Rxh7 Qf4+ 28. Qxf4 Rxf4 29. Rh8+ Kg7 30. R1h7# 1-0

[Event "Quebec op U1700"]
[Site "Montreal"]
[Date "2012.07.23"]
[Round "4"]
[White "Lemieux, Serge"]
[Black "Reynaud, Frederic"]
[Result "0-1"]
[WhiteElo "1533"]
[BlackElo "1466"]
[PlyCount "106"]
[EventDate "2012.07.21"]
[EventType "swiss"]
[EventRounds "9"]
[EventCountry "CAN"]
[SourceTitle "EXT 2022"]
[Source "ChessBase"]
[SourceDate "2021.10.06"]
[SourceVersion "1"]
[SourceVersionDate "2021.10.06"]
[SourceQuality "1"]

1. e4 e6 2. d4 d5 3. e5 c5 4. c3 Nc6 5. Bb5 Bd7 6. Ne2 Nxe5 7. Bxd7+ Nxd7 8. 0-0 Ngf6 9. Nd2 Rc8 10. Nf3 Be7 11. a4 0-0 12. a5 Re8 13. Bf4 cxd4 14. Nexd4 Bc5 15. Nb3 a6 16. Bg5 Bd6 17. Re1 Qc7 18. h3 e5 19. Rc1 b5 20. Rc2 e4 21. Nfd4 h6 22. Be3 Nc5 23. Nxc5 Bxc5 24. b4 Bxd4 25. Bxd4 Qd7 26. Rce2 Nh7 27. Re3 f5 28. f4 Rc6 29. Rg3 Nf6 30. Ree3 Qf7 31. Bxf6 Rxf6 32. Qd4 Rc6 33. Re1 Rc4 34. Qd2 Rec8 35. Rd1 Rd8 36. Qe3 Rd6 37. Rd4 Qa7 38. Qd2 Rxd4 39. cxd4 Rc6 40. Rc3 Rc4 41. Rxc4 bxc4 42. Kf2 Kf7 43. Ke3 Qd7 44. Qd1 g6 45. g3 Qb5 46. Qd2 Qa4 47. Qc3 Ke6 48. g4 Kd6 49. Ke2 Qb3 50. Kd2 Kc6 51. h4 fxg4 52. h5 Qxc3+ 53. Kxc3 g3 0-1

[Event "Montreal Pere Noel"]
[Site "Montreal"]
[Date "2011.12.26"]
[Round "1"]
[White "Forget, Luc"]
[Black "Lemieux, Serge"]
[Result "1-0"]
[WhiteElo "1991"]
[BlackElo "1507"]
[PlyCount "95"]
[EventDate "2011.12.26"]
[EventType "swiss"]
[EventRounds "5"]
[EventCountry "CAN"]
[SourceTitle "EXT 2022"]
[Source "ChessBase"]
[SourceDate "2021.10.06"]
[SourceVersion "1"]
[SourceVersionDate "2021.10.06"]
[SourceQuality "1"]

1. d4 d5 2. c4 c6 3. Nf3 Nf6 4. Nc3 e6 5. Bg5 Be7 6. e3 Nbd7 7. Bd3 dxc4 8. Bxc4 h6 9. Bh4 b5 10. Bd3 Nb6 11. 0-0 0-0 12. Rc1 Bb7 13. Bxf6 Bxf6 14. Ne4 Be7 15. Ne5 Rc8 16. Nc5 Ba8 17. Qg4 Bxc5 18. Rxc5 Nd5 19. Rfc1 f5 20. Qg6 Rf6 21. Qh5 Ne7 22. b4 a6 23. R1c2 Qd6 24. Qd1 Rc7 25. Qc1 Rf8 26. Be2 Rfc8 27. Bf3 g5 28. h3 Nd5 29. Qb1 Bb7 30. Qb3 Kg7 31. a3 Qe7 32. e4 Nb6 33. exf5 Na4 34. fxe6 Nxc5 35. dxc5 Re8 36. Nd7 Qxe6 37. Qc3+ Kg6 38. Qd3+ Kg7 39. Qd4+ Kg6 40. Bg4 Qe1+ 41. Kh2 Rxd7 42. Bxd7 Qe5+ 43. Qxe5 Rxe5 44. Rd2 Kf7 45. Rd6 Re7 46. Bxc6 Bxc6 47. Rxc6 a5 48. Rb6 1-0

[Event "Quebec op"]
[Site "Montreal"]
[Date "2011.07.26"]
[Round "5"]
[White "Robichaud, Louis"]
[Black "Lemieux, Serge"]
[Result "1-0"]
[WhiteElo "2183"]
[BlackElo "1557"]
[PlyCount "57"]
[EventDate "2011.07.23"]
[EventType "swiss"]
[EventRounds "9"]
[EventCountry "CAN"]
[SourceTitle "EXT 2022"]
[Source "ChessBase"]
[SourceDate "2021.10.06"]
[SourceVersion "1"]
[SourceVersionDate "2021.10.06"]
[SourceQuality "1"]

1. e4 e6 2. d3 d5 3. Nd2 Nf6 4. Ngf3 c5 5. g3 Nc6 6. Bg2 Bd6 7. 0-0 0-0 8. Re1 Qc7 9. Qe2 dxe4 10. dxe4 e5 11. c3 Be6 12. Nc4 Be7 13. Bg5 b5 14. Ne3 Rab8 15. Bxf6 Bxf6 16. Nd5 Qd8 17. Rad1 Bxd5 18. exd5 Na5 19. Nd2 Rb6 20. Ne4 Be7 21. Qh5 f5 22. d6 Bf6 23. Qxf5 Nb7 24. Rd2 Nxd6 25. Qh3 Qc7 26. Red1 Rd8 27. Qe6+ Nf7 28. Rxd8+ Bxd8 29. Qe8# 1-0

[Event "Montreal Transcontinental 4"]
[Site "Montreal"]
[Date "2011.04.30"]
[Round "3"]
[White "Luo, Zhao Yang"]
[Black "Lemieux, Serge"]
[Result "1-0"]
[WhiteElo "1913"]
[BlackElo "1662"]
[PlyCount "65"]
[EventDate "2011.04.29"]
[EventType "tourn"]
[EventRounds "5"]
[EventCountry "CAN"]
[SourceTitle "EXT 2013"]
[Source "ChessBase"]
[SourceDate "2012.11.22"]
[SourceVersion "1"]
[SourceVersionDate "2012.11.22"]
[SourceQuality "1"]

1. d4 e6 2. Nf3 d5 3. e3 Nf6 4. Bd3 Nc6 5. a3 Bd6 6. 0-0 0-0 7. b3 Ne7 8. Bb2 Ng6 9. c4 c6 10. Nbd2 Qc7 11. c5 Be7 12. b4 b5 13. Ne5 Nd7 14. f4 f5 15. Nxg6 hxg6 16. Nf3 Kh7 17. Ne5 Nxe5 18. dxe5 Rh8 19. Rf3 Kg8 20. Rg3 Kf7 21. a4 Bd7 22. axb5 cxb5 23. Ra5 a6 24. Qf3 Bc6 25. Bd4 Bb7 26. Rh3 Rh6 27. Rxh6 gxh6 28. g4 Rg8 29. Kf1 Qd8 30. gxf5 exf5 31. Qh3 Bc8 32. Qxh6 Rh8 33. e6+ 1-0

[Event "Trois-Rivieres Mauricie op"]
[Site "Trois Rivieres"]
[Date "2011.03.20"]
[Round "4"]
[White "Lemieux, Serge"]
[Black "Doubleday, William G"]
[Result "0-1"]
[WhiteElo "1672"]
[BlackElo "2100"]
[PlyCount "66"]
[EventDate "2011.03.18"]
[EventType "swiss"]
[EventRounds "5"]
[EventCountry "CAN"]
[SourceTitle "EXT 2022"]
[Source "ChessBase"]
[SourceDate "2021.10.06"]
[SourceVersion "1"]
[SourceVersionDate "2021.10.06"]
[SourceQuality "1"]

1. d4 d5 2. c4 e5 3. dxe5 d4 4. e4 Nc6 5. f4 f6 6. exf6 Nxf6 7. Bd3 Bb4+ 8. Bd2 0-0 9. Nf3 Ng4 10. 0-0 Bxd2 11. Qxd2 Ne3 12. Re1 Rxf4 13. Rxe3 dxe3 14. Qxe3 Rf8 15. Nc3 Bg4 16. Nd5 Bxf3 17. gxf3 Ne5 18. Be2 c6 19. Nf4 Qg5+ 20. Ng2 Qxe3+ 21. Nxe3 Nxf3+ 22. Bxf3 Rxf3 23. Nf5 g6 24. Nh6+ Kg7 25. Ng4 Rd8 26. b3 Rd2 27. Re1 h5 28. Ne3 Rff2 29. e5 Rfe2 30. Kf1 Rxh2 31. Kg1 Rhe2 32. Kf1 Rxe1+ 33. Kxe1 Rxa2 0-1

[Event "Trois-Rivieres Mauricie op"]
[Site "Trois Rivieres"]
[Date "2011.03.18"]
[Round "1"]
[White "Lemieux, Serge"]
[Black "Robichaud, Louis"]
[Result "0-1"]
[WhiteElo "1672"]
[BlackElo "2069"]
[PlyCount "86"]
[EventDate "2011.03.18"]
[EventType "swiss"]
[EventRounds "5"]
[EventCountry "CAN"]
[SourceTitle "EXT 2022"]
[Source "ChessBase"]
[SourceDate "2021.10.06"]
[SourceVersion "1"]
[SourceVersionDate "2021.10.06"]
[SourceQuality "1"]

1. d4 Nf6 2. c4 g6 3. Nc3 Bg7 4. e4 d6 5. Nf3 0-0 6. Be2 e5 7. Bg5 exd4 8. Nxd4 h6 9. Be3 Re8 10. f3 Nc6 11. Rb1 Ne5 12. 0-0 c6 13. Qd2 Kh7 14. h3 Qe7 15. b4 Be6 16. c5 Rad8 17. Nxe6 Qxe6 18. Qc2 Nc4 19. Bxc4 Qxc4 20. Rfc1 d5 21. Nxd5 cxd5 22. Qxc4 dxc4 23. Rxc4 Rc8 24. a4 Nd7 25. f4 Nf6 26. e5 Nd5 27. Re1 f6 28. Rd4 Nc7 29. Rd7 fxe5 30. fxe5 Kg8 31. g4 g5 32. Bd4 Ne6 33. Bc3 Rc7 34. Red1 Re7 35. Rxc7 Rxc7 36. Rd6 Kf7 37. Kh2 a5 38. c6 axb4 39. Bb2 Rxc6 40. Rxc6 bxc6 41. a5 Nc7 42. a6 Nxa6 43. e6+ Kg8 0-1

[Event "Montreal Pere Noel op"]
[Site "Montreal"]
[Date "2010.12.28"]
[Round "3"]
[White "Forget, Luc"]
[Black "Lemieux, Serge"]
[Result "1-0"]
[WhiteElo "1998"]
[BlackElo "1446"]
[PlyCount "64"]
[EventDate "2010.12.26"]
[EventType "swiss"]
[EventRounds "5"]
[EventCountry "CAN"]
[SourceTitle "EXT 2013"]
[Source "ChessBase"]
[SourceDate "2012.11.22"]
[SourceVersion "1"]
[SourceVersionDate "2012.11.22"]
[SourceQuality "1"]

1. d4 d5 2. c4 c6 3. Nf3 Nf6 4. Nc3 e6 5. Bg5 Nbd7 6. e3 Be7 7. Bd3 dxc4 8. Bxc4 b5 9. Bd3 a6 10. 0-0 c5 11. e4 cxd4 12. Nxd4 Nc5 13. e5 Nxd3 14. Qxd3 b4 15. Ne4 Nxe4 16. Qxe4 Qd5 17. Qxd5 exd5 18. Bxe7 Kxe7 19. Rac1 Re8 20. f4 Kf8 21. Rc7 a5 22. Rfc1 g6 23. Nb5 Be6 24. Nd4 Bc8 25. Kf2 h5 26. R1c6 Be6 27. Ke3 a4 28. Rb6 b3 29. a3 Rec8 30. Rbb7 Rxc7 31. Rxc7 Ke8 32. Kd2 Rc8 1-0

[Event "Montreal Pere Noel op"]
[Site "Montreal"]
[Date "2010.12.27"]
[Round "2"]
[White "Lemieux, Serge"]
[Black "Masse, Hugues"]
[Result "0-1"]
[WhiteElo "1446"]
[BlackElo "2181"]
[PlyCount "64"]
[EventDate "2010.12.26"]
[EventType "swiss"]
[EventRounds "5"]
[EventCountry "CAN"]
[SourceTitle "EXT 2013"]
[Source "ChessBase"]
[SourceDate "2012.11.22"]
[SourceVersion "1"]
[SourceVersionDate "2012.11.22"]
[SourceQuality "1"]

1. d4 Nf6 2. c4 g6 3. Nc3 d5 4. cxd5 Nxd5 5. e4 Nxc3 6. bxc3 Bg7 7. Bc4 c5 8. Ne2 Nc6 9. 0-0 cxd4 10. cxd4 Nxd4 11. Nxd4 Qxd4 12. Bb5+ Kf8 13. Be3 Qxd1 14. Raxd1 Be6 15. Bxa7 f6 16. Be3 Rxa2 17. Rb1 Kf7 18. Rfc1 Rha8 19. f4 f5 20. e5 g5 21. Bc4 Bxc4 22. Rxc4 Re2 23. Bf2 Raa2 24. Rf1 gxf4 25. Rxf4 e6 26. Rb4 Reb2 27. Rxb2 Rxb2 28. Bd4 Rd2 29. Bc3 Rd5 30. Re1 Bf8 31. Rc1 Rc5 32. Kf2 Bh6 0-1

[Event "Quebec-ch opB"]
[Site "Montreal"]
[Date "2010.07.26"]
[Round "4"]
[White "Auger, Bertrand"]
[Black "Lemieux, Serge"]
[Result "1-0"]
[WhiteElo "1950"]
[BlackElo "1455"]
[PlyCount "43"]
[EventDate "2010.07.24"]
[EventType "swiss"]
[EventRounds "9"]
[EventCountry "CAN"]
[SourceTitle "EXT 2013"]
[Source "ChessBase"]
[SourceDate "2012.11.22"]
[SourceVersion "1"]
[SourceVersionDate "2012.11.22"]
[SourceQuality "1"]

1. Nf3 d5 2. g3 c5 3. Bg2 Nc6 4. d4 e6 5. 0-0 Nf6 6. c4 Bd7 7. cxd5 Nxd5 8. e4 Nf6 9. d5 Na5 10. Re1 h6 11. Nc3 Qb6 12. d6 0-0-0 13. e5 Ne8 14. b4 cxb4 15. Be3 Qa6 16. Bf1 b5 17. Na4 Kb8 18. Nc5 Qc6 19. Nd2 Nc4 20. Nxc4 bxc4 21. Bg2 Qb5 22. a4 1-0

[Event "Montreal Pere Noel op"]
[Site "Montreal"]
[Date "2009.12.28"]
[Round "3"]
[White "Zhang, Zhiyuan"]
[Black "Lemieux, Serge"]
[Result "0-1"]
[WhiteElo "1884"]
[BlackElo "1515"]
[PlyCount "49"]
[EventDate "2009.12.26"]
[EventType "swiss"]
[EventRounds "5"]
[EventCountry "CAN"]
[SourceTitle "EXT 2011"]
[Source "ChessBase"]
[SourceDate "2010.11.26"]
[SourceVersion "1"]
[SourceVersionDate "2010.11.26"]
[SourceQuality "1"]

1. d4 Nf6 2. Nf3 e6 3. c4 b6 4. Nc3 Bb7 5. Bg5 Be7 6. e3 d5 7. cxd5 Nxd5 8. Bxe7 Qxe7 9. Bd3 Nd7 10. 0-0 0-0 11. a3 N7f6 12. Ne5 Nxc3 13. bxc3 Be4 14. Bxe4 Nxe4 15. Qd3 f5 16. c4 c5 17. f4 Rac8 18. Rfd1 Rfd8 19. Qc2 cxd4 20. exd4 Rc7 21. Rd3 Rc5 22. dxc5 Qxc5+ 23. Kf1 Rxd3 24. Nxd3 Qd4 25. Rd1 0-1